| Registos Bibliográficos associados ao registo de autoridade |
|
Etiqueta de registo: 00000nam 2200025 450 001 2074847 003 http://id.bnportugal.gov.pt/bib/catbnp/2074847 100 ## $a20210702d2020 k y0pory01030103ba 101 0# $apor$deng 102 ## $aPT 105 ## $aa m 000yy 106 ## $ar 200 1# $aInvestigação de parâmetros de análise do design de equipamento enquanto ferramenta
de impacto social$fCarla Paoliello de Lucena Carvalho$gorient. Raul Cunca 210 #9 $aLisboa$c[s.n.],$d2020 215 ## $a1 v.$cil.$d30 cm 328 #1 $aTese dout. Belas-Artes (Design de Equipamento), Faculdade de Belas Artes, Universidade
de Lisboa, 2020 675 ## $a7.05(043)$vBN$zpor$3818439 700 #1 $aCarvalho,$bCarla Paoliello de Lucena$31813296 702 #1 $aCunca,$bRaúl,$f1963-$4727$3109896 801 #0 $aPT$bBN$gRPC 856 40 $2Cópia digital disponível no Repositório Universidade de Lisboa$uhttp://hdl.handle.net/10451/46108 966 ## $lBN$mFGMON$sB.A. 46435 V.$x1 972 ## $e0$d20211108$visantos 973 ## $cmmoinhos$d2021102
Etiqueta de registo: 00000nam 2200025 450 001 2288554 003 http://id.bnportugal.gov.pt/bib/catbnp/2288554 100 ## $a20260623d2026 k y0pory01030103ba 101 0# $apor$deng 102 ## $aPT 105 ## $aa m 000yy 106 ## $ar 200 1# $aDo mobiliário ao lugar$e o design como estratégia para ressugnificação do espaço público em Lisboa$fMarina Ramires Reynaux Borba$gorient. Susana Isabel Malveiro Parreira, Carla Paoliello de Lucena Carvalho 210 #9 $aLisboa$c[s.n.],$d2026 215 ## $a362, [1] f.$cil.$d30 cm 328 #1 $aTese dout. Belas-Artes (Design de Comunicação), Faculdade de Belas-Artes, Universidade
de Lisboa, 2026 700 #1 $aBorba,$bMarina Ramires Reynaux$32001329 702 #1 $aParreira,$bSuzana Isabel Malveiro,$f1974-$4727$31632325 702 #1 $aCarvalho,$bCarla Paoliello de Lucena$4727$31813296 801 #0 $aPT$bBN$gRPC 966 ## $lBN$mFGMON$x1 971 ## $corlando$d20260623
|
|
|